| 000 -LEADER |
| fixed length control field |
01410 a2200277 4500 |
| 003 - CONTROL NUMBER IDENTIFIER |
| control field |
Nust |
| 005 - DATE AND TIME OF LATEST TRANSACTION |
| control field |
20220802142157.0 |
| 010 ## - LIBRARY OF CONGRESS CONTROL NUMBER |
| LC control number |
2007020263 |
| 020 ## - INTERNATIONAL STANDARD BOOK NUMBER |
| International Standard Book Number |
0073195995 |
| 020 ## - INTERNATIONAL STANDARD BOOK NUMBER |
| International Standard Book Number |
0073195995 |
| 035 ## - SYSTEM CONTROL NUMBER |
| System control number |
(OCoLC)128238136 |
| 035 ## - SYSTEM CONTROL NUMBER |
| System control number |
(OCoLC)ocn128238136 |
| 040 ## - CATALOGING SOURCE |
| Transcribing agency |
Nust |
| 082 00 - DEWEY DECIMAL CLASSIFICATION NUMBER |
| Classification number |
621.3,FOR |
| 100 1# - MAIN ENTRY--PERSONAL NAME |
| Personal name |
Ford, Ralph M. |
| 9 (RLIN) |
96309 |
| 245 10 - TITLE STATEMENT |
| Title |
Design for electrical and computer engineers : |
| Remainder of title |
theory, concepts, and practice / |
| Statement of responsibility, etc. |
Ralph M. Ford, Chris S. Coulston. |
| 260 ## - PUBLICATION, DISTRIBUTION, ETC. |
| Place of publication, distribution, etc. |
Boston : |
| Name of publisher, distributor, etc. |
McGraw-Hill, |
| Date of publication, distribution, etc. |
c2008. |
| 300 ## - PHYSICAL DESCRIPTION |
| Extent |
xv, 320 p. : |
| Other physical details |
ill. ; |
| Dimensions |
24 cm. |
| 505 ## - FORMATTED CONTENTS NOTE |
| Formatted contents note |
The Engineering Design Process (Page-1), Project Selection and Needs Identification (Page-15), The Requirements Specification (Page-31), Concept Generation and Evaluation (Page-59), System Design I: Functional Decomposition (Page-79), System Design II: Behavior Models (Page-103), Testing (Page-127), System Reliability (Page-145), Teams and Teamwork (Page-171), Project Management (Page-183), Ethical and Legal Issues (Page-201), Oral Presentations (Page-223). |
| 650 #0 - SUBJECT ADDED ENTRY--TOPICAL TERM |
| Topical term or geographic name entry element |
Electronic circuit design. |
| 650 #0 - SUBJECT ADDED ENTRY--TOPICAL TERM |
| Topical term or geographic name entry element |
Telecommunication Engineering |
| 700 1# - ADDED ENTRY--PERSONAL NAME |
| Personal name |
Coulston, Chris S., |
| Dates associated with a name |
1967- |
| 9 (RLIN) |
96310 |
| 856 41 - ELECTRONIC LOCATION AND ACCESS |
| Materials specified |
Publisher description |
| Uniform Resource Identifier |
<a href="http://www.loc.gov/catdir/enhancements/fy0726/2007020263-d.html">http://www.loc.gov/catdir/enhancements/fy0726/2007020263-d.html</a> |
| 856 41 - ELECTRONIC LOCATION AND ACCESS |
| Materials specified |
Table of contents only |
| Uniform Resource Identifier |
<a href="http://www.loc.gov/catdir/toc/ecip0718/2007020263.html">http://www.loc.gov/catdir/toc/ecip0718/2007020263.html</a> |
| 942 ## - ADDED ENTRY ELEMENTS (KOHA) |
| Koha item type |
Reference |
| Source of classification or shelving scheme |
|